000 00836cab a22002535a 4500
001 L159541
008 150113e2017 xxk 000 0 eng d
035 _a(Sirsi) u159541
041 0 _aeng
050 _218
100 1 _aMacDonald, Craig
245 0 0 _aRise of the robot
_h[electronic resource]
260 _aLondon
_bRICS
_c2017
490 _aRICS Building Surveying Journal
_vJuly - August 2017, 12-13(2)
520 _aInvestigates if artificial intelligence can replace a human building surveyor.
650 2 4 _aARTIFICIAL INTELLIGENCE
650 2 4 _aAUTOMATED SURVEYING
650 2 4 _aDATA MANAGEMENT
651 4 _aUnited Kingdom
_y
690 _aBuilding surveying
_96225
856 4 0 _uhttps://issuu.com/ricsmodus/docs/building_surveying_journal_july___a
_z
_yAvailable free online via Issuu
856 4 0 _u
_z
942 _n0
999 _c84878
_d84878